Normal view
MARC view
Entry Personal Name
001 - CONTROL NUMBER
- control field: 43872
003 - CONTROL NUMBER IDENTIFIER
- control field: dpl
005 - DATE AND TIME OF LATEST TRANSACTION
- control field: 20120317121214.0
008 - FIXED-LENGTH DATA ELEMENTS
- fixed length control field: 120317|||a|||||| | ||| d
040 ## - CATALOGING SOURCE
- Original cataloging agency: dpl
- Transcribing agency: dpl
100 ## - HEADING--PERSONAL NAME
- Personal name: Danino, Michel
670 ## - SOURCE DATA FOUND
- Source citation: Work cat.: (dpl): Danino, Michel, The Indian Mind then and now /, 2000
670 ## - SOURCE DATA FOUND
- Source citation: Work cat.: (dpl): Danino, Michel, The Indian Mind then and now /, 2000
